Ratchet Gladiator - Statistiques

Statistiques générales
  • Ce quiz a été pris 30 fois
  • Le résultat moyen est 14 sur 22
Statistiques - réponses
Hint Réponse % Correct
Personnage principal Ratchet
100%
Planète 1 Catacrom 4
75%
Nom de l'émission Dread zone
75%
Boss final Gleeman Vox
75%
Boss 1 Shellshock
75%
Boss 4 Ace Hardlight
70%
Boss 3 Eviscerator
70%
Présentatrice Juanita
70%
Boss 2 Reactor
70%
Présentateur Dallas
65%
Robot 2 Le bleu
65%
Planete 3 Kronos
60%
Planete 2 Sarathos
60%
Planete 8 Stygia
60%
Nom des 4 boss Exterminateurs
55%
Planete 10 Gare fantome
55%
Planete 9 Maraxus
55%
Planete 5 Orxon
55%
Planete 7 Torval
50%
Chef robot Mercenaire
45%
Planete 4 Shaar
45%
Planete 6 Ceinture de valix
40%
Aucun quiz correspondant
Distribution des résultats
% des personnes avec chaque résultat
Percentile par nombre de réponses
Votre historique - résultats
Vous n’avez pas pris ce quiz